|
|
|
|
| LEADER |
00775nam a22002417a 4500 |
| 001 |
31491 |
| 003 |
BD-DhAAL |
| 005 |
20170423142802.0 |
| 008 |
170423s2016 bg ao||| |||| 00| 0 eng d |
| 999 |
|
|
|c 38087
|d 38087
|
| 040 |
|
|
|a BD-DhAAL
|c BD-DhAAL
|
| 082 |
0 |
4 |
|2 23
|a 307.1412095492
|
| 245 |
0 |
0 |
|a BRAC Uganda :
|b annual report 2015
|
| 260 |
|
|
|a Dhaka :
|b BRAC,
|c 2016
|
| 300 |
|
|
|a 160 pages :
|b ill. ;
|c 28 cm.
|
| 526 |
|
|
|a AAL
|
| 541 |
|
|
|e 31491
|
| 610 |
|
|
|a BRAC
|9 14405
|
| 650 |
|
|
|a Rural Development
|z Bangladesh
|9 14406
|
| 710 |
|
|
|a BRAC
|9 14405
|
| 852 |
|
|
|a Ayesha Abed Library
|c BRAC Resource Section
|
| 942 |
|
|
|2 ddc
|c BK
|
| 952 |
|
|
|0 0
|1 0
|2 ddc
|4 0
|6 307_141209549200000_BRA
|7 0
|9 60447
|a BRACUL
|b BRACUL
|c BRS
|d 2017-04-23
|l 0
|o 307.1412095492 BRA
|p 3010031491
|r 2017-04-23
|t 2
|w 2017-04-23
|y BK
|